Biblioteca ESET

En la resaca / (Registro nro. 78)

Detalles MARC
000 -CABECERA
fixed length control field 00891Nam#a2200265#a#4500
003 - CONTROL NUMBER IDENTIFIER
control field AR-BeUNQ
005 - FECHA Y HORA DE LA ULTIMA TRANSACCION
control field 20220224182259.0
008 - ELEMENTOS DE LONGITUD FIJA-INFORMACION GENERAL
fixed length control field 151022s2014||||ag # ##||||#000|p#spa#d
020 ## - NUMERO INTERNACIONAL NORMALIZADO PARA LIBROS
Número Internacional Normalizado del libro 9789871598748
040 ## - FUENTE DE CATALOGACION
Agencia de catalogación original AR-BeUNQ
Idioma de catalogación ESPAÑOL
Convenciones de la descripción aacr
082 04 - NUMERO DE CLASIFICACION DECIMAL DEWEYMBER
Número de clasificación Ar 861
Número de la edición 21
100 1# - ASIENTO PRINCIPAL-NOMBRE PERSONAL
Nombre personal Freidemberg, Daniel.
245 02 - MENCION DE TITULO
Título En la resaca /
Mención de responsabilidad, etc Daniel Freidemberg.
260 ## - PUBLICACION, DISTRIBUCION, ETC.
Lugar de publicación, distribución, etc. Buenos Aires :
Nombre del editor, distribuidor, etc. Paradiso,
Fecha de publicación, distribución, etc c2014.
300 ## - DESCRIPCION FISICA
Extensión 117 p. ;
Dimensiones 20 cm.
490 1# - MENCION DE SERIE
Mención de serie Colección Juan Gelman ;
500 ## - NOTA GENERAL
Nota general Edición especial para el Ministerio de Educación.
500 ## - NOTA GENERAL
Nota general Originalmente publicado en la serie: Poesía.
650 #7 - ASIENTO SECUNDARIO DE MATERIA - TERMINO TEMATICO
Término temático o nombre geográfico como elemento de entrada Literatura (arte)
Fuente del encabezamiento o términ spines
650 #7 - ASIENTO SECUNDARIO DE MATERIA - TERMINO TEMATICO
Término temático o nombre geográfico como elemento de entrada Literatura argentina
Fuente del encabezamiento o términ tell
650 #7 - ASIENTO SECUNDARIO DE MATERIA - TERMINO TEMATICO
Término temático o nombre geográfico como elemento de entrada Poesía
Fuente del encabezamiento o términ tell
830 #0 - ASIENTO SECUNDARIO DE SERIE--TITULO UNIFORME
Título uniforme Colección Juan Gelman. ;
Designación numérica/secuencial del volumen 13
929 ## - DATOS DE ADQUISICION
Procedencia DONACION
Proveedor Ministerio de Educación
Precio 150,00E
Fecha de recibido 20151006
Patrimonio UNQ PAT0059837
Número de Pase u otro número de Donación 2912 Exp. 827-0387/98
Número de inventario 53844
942 ## - ELEMENTOS DE PUNTO DE ACCESO ADICIONAL (KOHA)
Tipo de ítem Koha Libros
Suppress in OPAC 0
Existencias
Estado de retiro Estado de pérdida Ubicación permanente Ubicación actual Ubicación en estantería Fecha de ingreso Total Checkouts Signatura topográfica completa Inventario Date last seen Número de copia Tipo de ítem Koha Operador
    Biblioteca ESET - UNQ Biblioteca ESET - UNQ CIRCULACION 02/06/2016   861 FRE 53844 02/06/2016 1 Libros CMG

ESET UNQ

☏ 4365-7188
 Avenida República de Francia 1714 entre Doctor Kenny y Concordia, Ezpeleta, Bs As.
✉ secretaria_eset@unq.edu.ar

Con tecnología Koha